000 00557nam a2200169Ia 4500
008 090711s9999 xx 000 0 und d
082 _b64266
100 _aबेलसरे केशव वि.
245 _aश्रीमद्भगवद्गीता
260 _c1989
300 _a139
600 _aबेलसरे केशव वि.
630 _aश्रीमद्भगवद्गीता
700 _aबेलसरे केशव वि.
730 _aश्रीमद्भगवद्गीता
942 _cBOOK
999 _c281695
_d281695